000 00310 a2200109 4500
001 ART_13094
005 20260410161735.0
008 260409a
245 1 0 _aPolítica industrial
100 1 _aFrediani, Ramón O.
773 0 _tEjecutivos de finanzas
_g- Año 7, Nº 68 (ago. 1990)
_wREV2863
999 _c18226
_d18226